<?xml version="1.0" encoding="UTF-8"?><?xml-stylesheet type="text/xsl" href="static/style.xsl"?><OAI-PMH xmlns="http://www.openarchives.org/OAI/2.0/" xmlns:xsi="http://www.w3.org/2001/XMLSchema-instance" xsi:schemaLocation="http://www.openarchives.org/OAI/2.0/ http://www.openarchives.org/OAI/2.0/OAI-PMH.xsd"><responseDate>2026-04-17T08:00:55Z</responseDate><request verb="GetRecord" identifier="oai:riubu.ubu.es:10259/7411" metadataPrefix="marc">https://riubu.ubu.es/oai/request</request><GetRecord><record><header><identifier>oai:riubu.ubu.es:10259/7411</identifier><datestamp>2023-03-27T11:44:53Z</datestamp><setSpec>com_10259_3847</setSpec><setSpec>com_10259_5086</setSpec><setSpec>com_10259_2604</setSpec><setSpec>col_10259_7409</setSpec></header><metadata><record xmlns="http://www.loc.gov/MARC21/slim" xmlns:doc="http://www.lyncode.com/xoai" xmlns:xsi="http://www.w3.org/2001/XMLSchema-instance" xmlns:dcterms="http://purl.org/dc/terms/" xsi:schemaLocation="http://www.loc.gov/MARC21/slim http://www.loc.gov/standards/marcxml/schema/MARC21slim.xsd">
<leader>00925njm 22002777a 4500</leader>
<datafield tag="042" ind1=" " ind2=" ">
<subfield code="a">dc</subfield>
</datafield>
<datafield tag="720" ind1=" " ind2=" ">
<subfield code="a">Bustillo Iglesias, Andrés</subfield>
<subfield code="e">author</subfield>
</datafield>
<datafield tag="720" ind1=" " ind2=" ">
<subfield code="a">Sedano, Javier</subfield>
<subfield code="e">author</subfield>
</datafield>
<datafield tag="720" ind1=" " ind2=" ">
<subfield code="a">Curiel Herrera, Leticia Elena</subfield>
<subfield code="e">author</subfield>
</datafield>
<datafield tag="720" ind1=" " ind2=" ">
<subfield code="a">Villar, José Ramón</subfield>
<subfield code="e">author</subfield>
</datafield>
<datafield tag="720" ind1=" " ind2=" ">
<subfield code="a">Corchado, Emilio</subfield>
<subfield code="e">author</subfield>
</datafield>
<datafield tag="260" ind1=" " ind2=" ">
<subfield code="c">2009</subfield>
</datafield>
<datafield tag="520" ind1=" " ind2=" ">
<subfield code="a">In this paper we present a soft computing system developed to optimize the laser milling manufacture of high value steel components, a relatively new and interesting industrial technique. This multidisciplinary study is based on the application of neural projection models in conjunction with identification systems, in order to find the optimal operating conditions in this industrial issue. Sensors on a laser milling centre capture the data used in this industrial case study defined under the frame of a machine-tool that manufactures steel components like high value molds and dies. The presented model is based on a two-phase application. The first phase uses a neural projection model capable of determine if the data collected is informative enough based on the existence of internal patterns. The second phase is focus on identifying a model for the laser-milling process based on low-order models such as Black Box ones. The whole system is capable of approximating the optimal form of the model. Finally, it is shown that the Box-Jenkins algorithm, which calculates the function of a linear system from its input and output samples, is the most appropriate model to control such industrial task for the case of steel components.</subfield>
</datafield>
<datafield tag="024" ind2=" " ind1="8">
<subfield code="a">978-3-540-93905-4</subfield>
</datafield>
<datafield tag="024" ind2=" " ind1="8">
<subfield code="a">978-3-540-93904-7</subfield>
</datafield>
<datafield tag="024" ind2=" " ind1="8">
<subfield code="a">1867-5662</subfield>
</datafield>
<datafield tag="024" ind2=" " ind1="8">
<subfield code="a">http://hdl.handle.net/10259/7411</subfield>
</datafield>
<datafield tag="024" ind2=" " ind1="8">
<subfield code="a">10.1007/978-3-540-93905-4_70</subfield>
</datafield>
<datafield tag="024" ind2=" " ind1="8">
<subfield code="a">1867-5670</subfield>
</datafield>
<datafield ind1=" " ind2=" " tag="653">
<subfield code="a">Test Piece</subfield>
</datafield>
<datafield ind1=" " ind2=" " tag="653">
<subfield code="a">Angle Error</subfield>
</datafield>
<datafield ind1=" " ind2=" " tag="653">
<subfield code="a">Wall Angle</subfield>
</datafield>
<datafield ind1=" " ind2=" " tag="653">
<subfield code="a">Steel Component</subfield>
</datafield>
<datafield ind1=" " ind2=" " tag="653">
<subfield code="a">Soft Computing Model</subfield>
</datafield>
<datafield tag="245" ind1="0" ind2="0">
<subfield code="a">A Soft Computing System for Modelling the Manufacture of Steel Components</subfield>
</datafield>
</record></metadata></record></GetRecord></OAI-PMH>